Tecnología azucarera
| Format: | Section = Libro |
|---|---|
| Language: | Undetermined Spanish |
| Published: |
Cuba
Pueblo y Educación
1985
|
| Subjects: |
| LEADER | 00635nam a2200205Ia 4500 | ||
|---|---|---|---|
| 008 | 240830s9999 xx 000 0 und d | ||
| 040 | |a CEDOC FIQ-RUSB / 664.11 T225 | ||
| 041 | |a spa | ||
| 082 | |a 664.11 T225 | ||
| 245 | 1 | 0 | |a Tecnología azucarera |
| 260 | |a Cuba |b Pueblo y Educación |c 1985 | ||
| 300 | |a 250 p. :il | ||
| 650 | 7 | |a INDUSTRIA AZUCARERA | |
| 650 | 7 | |b CAÑA DE AZÚCAR-CARACTERÍSTICAS-VARIEDADES | |
| 650 | 7 | |c AZÚCAR-EXTRACCIÓN DEL JUGO | |
| 650 | 7 | |d PURIFICACIÓN, CONCENTRACIÓN, CRISTALIZACIÓN DEL AZÚCAR | |
| 650 | 7 | |e ALMACENAMIENTO DEL AZÚCAR CRUDO | |
| 942 | |c BK |2 ddc | ||
| 991 | |a TEXTO | ||
| 999 | |c 13454 | ||